00344pab a2200109 454500008004000000100002300040245010100063260000900164300001100173650003100184773001900215180718b1986 xxu||||| |||| 00| 0 eng d aStewart, Marion B. aU.S. tax policy, intrafirm transfers and the allocative efficiency of transnational corporations c1986 a350-71 aTaxation - Policy - U.S.A. aPublic Finance